Central Library || Chittagong University

Textile testing; physical, chemical and microscopical / (Record no. 109841)

MARC details
000 -LEADER
fixed length control field 00538nam a22001937a 4500
003 - CONTROL NUMBER IDENTIFIER
control field BD-ChCU
005 - DATE AND TIME OF LATEST TRANSACTION
control field 20251126093001.0
008 - FIXED-LENGTH DATA ELEMENTS--GENERAL INFORMATION
fixed length control field 251126b ii ||||| |||| 00| 0 eng d
040 ## - CATALOGING SOURCE
Transcribing agency BD-ChCU
082 ## - DEWEY DECIMAL CLASSIFICATION NUMBER
Classification number 677.0287 SKT
100 ## - MAIN ENTRY--PERSONAL NAME
Personal name Skinkle, John H.
9 (RLIN) 16919
245 ## - TITLE STATEMENT
Title Textile testing; physical, chemical and microscopical /
Statement of responsibility, etc. John H. Skinkle
250 ## - EDITION STATEMENT
Edition statement 2nd ed.
260 ## - PUBLICATION, DISTRIBUTION, ETC.
Place of publication, distribution, etc. N.Y.:
Name of publisher, distributor, etc. Bombay,
Date of publication, distribution, etc. c1972
300 ## - PHYSICAL DESCRIPTION
Extent xii, 353p.
504 ## - BIBLIOGRAPHY, ETC. NOTE
Bibliography, etc. note Includes illus tab.
650 #0 - SUBJECT ADDED ENTRY--TOPICAL TERM
Topical term or geographic name entry element Textile Chemistry
9 (RLIN) 16923
942 ## - ADDED ENTRY ELEMENTS (KOHA)
Source of classification or shelving scheme Dewey Decimal Classification
Koha item type Books
Suppress in OPAC No
Holdings
Withdrawn status Lost status Source of classification or shelving scheme Damaged status Not for loan Home library Current library Shelving location Date acquired Source of acquisition Total Checkouts Full call number Barcode Date last seen Copy number Price effective from Koha item type
    Dewey Decimal Classification     Chittagong University Library Chittagong University Library Science Reading Room 11/26/2025 Purchase   677.0287 SKT 90284 11/26/2025 C-1 11/26/2025 Books
    Dewey Decimal Classification     Chittagong University Library Chittagong University Library Science Reading Room 11/26/2025 Purchase   677.0287 SKT 90285 11/26/2025 C-2 11/26/2025 Books
© Copyright 2026. Chittagong University Library, Installation and Maintenance by Prof. Dr. Md. Alamgir, 01711306253